На пути к коллективному подряду

Dades bibliogràfiques
Autor principal: Кутырев Б. П. Борис ПАвлович
Autor corporatiu: Академия наук СССР (АН СССР) Сибирское отделение (СО)
Altres autors: Смирнов Б. П. (редактор)
Sumari:Исключено из фонда НТБ ТПУ
Idioma:rus
Publicat: Новосибирск, Наука, 1988
Col·lecció:Научно-популярная литература
Экономика социализма
Format: MixedMaterials Llibre
KOHA link:https://koha.lib.tpu.ru/cgi-bin/koha/opac-detail.pl?biblionumber=262524

MARC

LEADER 00000nam0a2200000 4500
001 262524
005 20231031222042.0
010 |a 5020290734 
035 |a (RuTPU)RU\TPU\book\285507 
090 |a 262524 
100 |a 20140602d1988 km y0rusy50 ca 
101 0 |a rus 
102 |a RU 
105 |a a z 000zy 
200 1 |a На пути к коллективному подряду  |f Б. П. Кутырев  |g Академия наук СССР (АН СССР), Сибирское отделение (СО) ; под ред. Б. П. Смирнова 
210 |a Новосибирск  |c Наука  |d 1988 
215 |a 176 с.  |c ил. 
225 1 |a Научно-популярная литература 
225 1 |a Экономика социализма 
333 |a Исключено из фонда НТБ ТПУ 
700 1 |a Кутырев  |b Б. П.  |g Борис ПАвлович 
702 1 |a Смирнов  |b Б. П.  |4 340 
712 0 2 |a Академия наук СССР (АН СССР)  |b Сибирское отделение (СО)  |c (Новосибирск) 
801 1 |a RU  |b 63413507  |c 20140602 
801 2 |a RU  |b 63413507  |c 20220314  |g RCR 
942 |c BK